000 00528nam a2200181Ia 4500
008 220216s9999 xx 000 0 und d
100 _aRoux P Le
245 0 _aEthno-agronomy or agro-ethnology? Reflections on a study of village rubber plantations in South-east Thailand
260 _bCahiers de la Recherche Developpement
_c1991
300 _a64-71
500 _aSource Year: 1992
650 _aAgronomy
650 _aEthnology
650 _aRubber plantation
700 _aIvanoff J
856 _uWAERS
942 _cJS
999 _c58855
_d58855